Los primates

Saved in:
Bibliografiske detaljer
Main Authors: De Vore, Irven (Author), Eimerl, Sarel (Author)
Format: Bog
Sprog:spansk
Udgivet: Fairfax Time Life 1968
Serier:Popular
Fag:
Tags: Tilføj Tag
Ingen Tags, Vær først til at tagge denne postø!

MARC

LEADER 00000nam a2200000 a 4500
001 UCP7521
003 CL-VaPUC
008 991217e19680000us |||||||||||||||||spa|d
082 0 4 |a 599.8  |b DEV  |2 21 
100 0 |a De Vore, Irven  |e author  |9 436935 
700 0 |a Eimerl, Sarel  |e author  |9 436936 
245 1 4 |a Los primates 
300 |a 127 p 
942 |c BK 
945 |d 19991217 00:00:00  |a rherrera 
260 |a Fairfax  |b Time Life  |c 1968 
650 7 |a MAMIFEROS  |2 CL-VaPUC  |9 266111 
650 7 |a PRIMATES  |2 CL-VaPUC  |9 334898 
650 0 |a Anatomía animal  |9 338540 
650 7 |a FISIONOMIA ANIMAL  |2 CL-VaPUC  |9 436937 
650 7 |a COMPORTAMIENTO ANIMAL  |2 CL-VaPUC  |9 334602 
650 0 |a Evolución  |9 259442 
583 |a last modification  |c 20171218 06:32:00  |k Rodrigo Vera 
490 0 |a Popular 
999 |c 284644  |d 284642 
952 |0 0  |1 0  |4 0  |6 599_800000000000000_DEV_1968  |7 0  |8 A  |9 328803  |a BIBHIS  |b BIBHIS  |d 2019-11-20  |i 1378562  |o 599.8 DEV 1968  |p 1378562  |r 2025-01-20  |w 2019-11-20  |y BK  |k HIS